1576 1230 1099 1921 1089 1951 1443 1284 1514 1339 1461 1906 1000 1426 1018 1828 1648 1863 1385 1617 1138 1387 1994 1171 1469 1650 1514 1277 1792 1603 1097 1405 1488 1493 1050 1347 1677 1771 1406 1178 1452 1806 1384 1479 1786 1987 1513 1628 1659 1875 1231 1898 1958 1579 1610 1239 1586 1026 1127 1146 1589 1796 1523 1103 1545 1891 1201 1684 1455 1522 1019 1126 1806 1576 1659 1847 1854 1350 1066 1558 1432 1387 1236 1792 1334 1757 1075 1959 1034 1815 1256 1941 1303 1486 1744 1981 1493 1810 1440 BCNSPRNW ULIB Ver.6.0+V

เปลี่ยนเป็นภาษาไทย

Change to English
 แสดงรายละเอียดบรรณานุกรม
  กลับหน้าหลัก

Brief Record : Get Marc (ISO 2709) : E-mail record : QR code < ปิดหน้าต่าง
LEADER : 00000nam 2200000uu 4500
001    13399124262
003     ULIB
008    150216s2557||||th 000 0 tha d
020    ^a9789740332671
060    ^aWX167^bภ464ท
100    ^aภารดี ช่วยบำรุง
245    ^aเทคดนโลยีการกำจัดจุลนทรีย์ในอากาศในโรงพยาบาล/^bภารดี ช่วยบำรุง
250    ^aพิมพ์ครั้งที่ 1
260    ^aกรุงเทพฯ :^bสำนักพิมพ์แห่งจุฬาลงกรมหาวิทยาลัย,^c2557
300    ^a254 หน้า;^b26 ซม.
650    ^aมลพิษทางอากาศ
650    ^aการติดเชื้อในโรงพยาบาล^xควบคุม
945    ^p400^l0^i039166
945    ^p400^l0^i039167
999    ^aทศพร
รายการนี้ยังไม่มีแท็ก
คุณยังไม่ได้ล็อกอิน คุณสามารถมีกิจกรรมร่วมกับเว็บไซต์ได้ แต่ต้องล็อกอินก่อน ::
  ล็อกอิน

รายการสื่อสารสนเทศ

ลำดับที่ ประเภท เลขเรียก/บาร์โค้ด สถานที่ สถานะ
1. วิทยาศาสตร์การแพทย์ และสุขภาพ
วิทยาศาสตร์การแพทย์ และสุขภาพ
สถานะ=หนังสือเก่า
WX167 ภ464ท ฉ.1 
  Barcode: 039166
ห้องสมุดวิทยาเขตสวรรค์ประชารักษ์
►ส่วนจัดเก็บหนังสือเก่า สปร
บนชั้น
  ขอยืม
2. วิทยาศาสตร์การแพทย์ และสุขภาพ
วิทยาศาสตร์การแพทย์ และสุขภาพ
WX167 ภ464ท ฉ.2 
  Barcode: 039167
ห้องสมุดวิทยาเขตสวรรค์ประชารักษ์
►หนังสือทั่วไป
บนชั้น

รายการใกล้เคียง
    ผู้แต่ง [ภารดี ช่วยบำรุง]

    หัวเรื่อง [มลพิษทางอากาศ]

BibComment


ยังไม่เคยถูกคอมเมนท์

คอมเมนท์ทรัพยากรรายการนี้
  คอมเมนท์: เทคดนโลยีการกำจั..


 Copyright 2026. Bcnsprnw @Library